Commerce services et artisanat

Guardat en:
Dades bibliogràfiques
Format: Llibre
Idioma:Undetermined
Publicat: Paris La Documentation Francaise 1976
Matèries:
Etiquetes: Afegir etiqueta
Sense etiquetes, Sigues el primer a etiquetar aquest registre!
Thư viện lưu trữ: Trung tâm Học liệu Trường Đại học Cần Thơ
LEADER 00415nam a2200157Ia 4500
001 CTU_79916
008 210402s9999 xx 000 0 und d
082 |a 380.1 
082 |b C734 
245 0 |a Commerce services et artisanat 
260 |a Paris 
260 |b La Documentation Francaise 
260 |c 1976 
650 |a Commerce 
904 |i Trọng Hải 
980 |a Trung tâm Học liệu Trường Đại học Cần Thơ